000 01546nam a2200181 4500
999 _c509688
_d509688
008 190520b ||||| |||| 00| 0 eng d
100 _aTeresa, Benjamin F.
_95812
245 _aSpeculative charter growth in the case of UNO charter school network in Chicago
260 _c2018
300 _ap.1107-1133.
520 _aCharter school advocates see the infusion of market competition into the educational sector as a means to achieving greater efficiency, effectiveness, and equity. Within this framework, consumer demand is understood to regulate the charter sector. This article challenges the adequacy of this premise, arguing that the structure of the financing of charter schools plays a decisive, if not determining, role in directing growth. Drawing on an analysis of the financing that enabled the dramatic growth of the UNO Charter School Network (UCSN) in Chicago during the 2000s, the article explores the implications of speculative borrowing and spiraling debt burdens on charter schools and on the functioning of the charter sector more broadly. The analysis reveals that (1) new debt was increasingly used to retire existing debt, (2) the structure of new financing assumed continued growth, and (3) schools within the network were yoked together as revenue from existing—and anticipated—schools was pledged to repay new debt. - Reproduced.
650 _aPublic education
_95813
650 _aSchools
_93069
700 _aGood, Ryan M.
_95814
773 _aUrban Affairs Review
906 _aEducation
942 _2ddc
_cAR